[Event "Galego-ch U14"]
[Site "Viveiro"]
[Date "2016.02.07"]
[Round "3"]
[White "Garcia Ruiz, Pilar"]
[Black "Lamas Garralon, Pablo"]
[Result "0-1"]
[WhiteElo "1268"]
[BlackElo "1700"]
[PlyCount "136"]
[EventDate "2016.02.06"]
[EventType "swiss"]
[EventRounds "8"]
[EventCountry "ESP"]
[SourceTitle "EXT 2024"]
[Source "ChessBase"]
[SourceDate "2023.10.10"]
[SourceVersion "1"]
[SourceVersionDate "2023.10.10"]
[SourceQuality "1"]

1. e4 c5 2. Nc3 g6 3. Bc4 Bg7 4. Nf3 d6 5. h3 a6 6. a3 Nc6 7. d3 b5 8. Bd5 Bb7 9. Ng5 e6 10. Qf3 Ne5 11. Qe2 exd5 12. exd5 Qe7 13. Bf4 h6 14. Nge4 0-0-0 15. Bg3 f5 16. Nd2 Re8 17. 0-0 g5 18. Bxe5 Qxe5 19. Qh5 Ne7 20. Qf3 Bxd5 21. Nxd5 Qxd5 22. Rab1 Qxf3 23. Nxf3 Nd5 24. c4 Nf4 25. cxb5 axb5 26. Kh1 Kc7 27. Rfd1 Re2 28. b3 Rhe8 29. Kg1 Ra2 30. Kh1 Rxf2 31. Re1 Ree2 32. Rxe2 Rxe2 33. Rg1 Re3 34. Ne1 Ne2 35. Nc2 Nxg1 36. Nxe3 Ne2 37. Nxf5 Bf8 38. Ne3 Nc1 39. Nc2 Nxb3 40. Kg1 Nc1 41. Ne1 Bg7 42. Kf2 Bc3 43. Nc2 Nxd3+ 44. Ke2 Nf4+ 45. Kf3 b4 46. a4 b3 47. Na3 Bb4 48. Nb1 c4 49. Ke3 Kc6 50. Kd4 d5 51. g4 Nxh3 52. a5 Nf2 53. a6 Nxg4 54. a7 Bc5+ 55. Kc3 Bxa7 56. Na3 Bc5 57. Nb1 Kb5 58. Kb2 Bb4 59. Kc1 d4 60. Kb2 h5 61. Ka1 Bc3+ 62. Nxc3+ dxc3 63. Kb1 Kb4 64. Kc1 c2 65. Kb2 Ne3 66. Kc1 h4 67. Kb2 c3+ 68. Ka1 c1Q# 0-1

[Event "Galego-ch U14"]
[Site "Viveiro"]
[Date "2016.02.06"]
[Round "1.1"]
[White "Garcia Ruiz, Pilar"]
[Black "Gomez Carreno, Martin"]
[Result "0-1"]
[WhiteElo "1268"]
[BlackElo "1868"]
[PlyCount "94"]
[EventDate "2016.02.06"]
[EventType "swiss"]
[EventRounds "8"]
[EventCountry "ESP"]
[SourceTitle "EXT 2024"]
[Source "ChessBase"]
[SourceDate "2023.10.10"]
[SourceVersion "1"]
[SourceVersionDate "2023.10.10"]
[SourceQuality "1"]

1. e4 Nc6 2. Nf3 d6 3. Nc3 Nf6 4. d4 Bg4 5. Be2 e6 6. Bg5 Be7 7. Bh4 0-0 8. 0-0 d5 9. e5 Ne4 10. Bg3 Nxc3 11. bxc3 Na5 12. Bh4 Bxh4 13. g3 Be7 14. Kg2 c5 15. Rb1 b6 16. Bb5 a6 17. Be2 b5 18. a3 Nc4 19. Rb3 cxd4 20. Qxd4 Bf5 21. Bxc4 dxc4 22. Rb2 Qxd4 23. Nxd4 Bxa3 24. Ra2 Bc5 25. Rd1 Bxd4 26. Rxd4 Rfd8 27. Rxd8+ Rxd8 28. Rxa6 Bxc2 29. Rb6 Ba4 30. Kf3 h6 31. Kf4 g5+ 32. Kf3 Rd3+ 33. Kg2 Rxc3 34. h3 Rc1 35. Rb7 c3 36. Rc7 c2 37. Rc5 Rd1 38. Rc3 c1Q 39. Rxc1 Rxc1 40. h4 gxh4 41. gxh4 b4 42. Kg3 b3 43. Kh2 b2 44. Kh3 b1Q 45. Kg2 Qe4+ 46. Kg3 Rg1+ 47. Kh3 Qg2# 0-1